| 000 -LEADER |
| fixed length control field |
00554nam a22001457a 4500 |
| 008 - FIXED-LENGTH DATA ELEMENTS--GENERAL INFORMATION |
| fixed length control field |
200714b ||||| |||| 00| 0 eng d |
| 041 0# - LANGUAGE CODE |
| Language code of text/sound track or separate title |
eng |
| 082 00 - DEWEY DECIMAL CLASSIFICATION NUMBER |
| Classification number |
621.56 |
| Item number |
C6971 |
| 100 ## - MAIN ENTRY--PERSONAL NAME |
| 9 (RLIN) |
546 |
| Personal name |
Collacott, R. A. |
| 245 10 - TITLE STATEMENT |
| Title |
Refrigeration : A Description of the principles embodied in modern commercial and domestic refrigerators, with problems and calculations on heat transference / |
| 260 ## - PUBLICATION, DISTRIBUTION, ETC. (IMPRINT) |
| Place of publication, distribution, etc |
London : |
| Name of publisher, distributor, etc |
Sir ISAAC Pitman & Sons ltd, |
| Date of publication, distribution, etc |
1947. |
| 300 ## - PHYSICAL DESCRIPTION |
| Extent |
v,69 p. |
| 650 #0 - SUBJECT ADDED ENTRY--TOPICAL TERM |
| Topical term or geographic name as entry element |
Refrigeration and Refrigerating Machinery |
| 942 ## - ADDED ENTRY ELEMENTS (KOHA) |
| Item type |
Books |